=LDR 00000nam 2200000 4500 =001 INLIS000000000000058 =005 20150112090731.0 =006 =007 =008 Ind =035 ##$$0010-061300000000058 =041 ##$$a Ind =082 ##$$a 910.7 =090 ##$$a 910.7 Sal g =100 ##$$a Salladien =245 ##$$a Geografi untuk Sekolah Menengah Atas / Salladien, Ign.Suharto, A.F.T.Eko Susanto =260 ##$$aJakarta$bGramedia$c1994 =300 ##$$a ...Jil. : ilus. ; 24 cm =650 ##$$a Geografi =650 ##$$a Studi dan pengajaran =700 ##$$a Suharto,Ing =850 ##$$a NBPDMAT